| 000 | 00805nas a2200253Ia 4500 | ||
|---|---|---|---|
| 001 | R224/C6213 | ||
| 003 | IT-RoPAU | ||
| 008 | 151124c99999999xx |||||||||||| ||und|| | ||
| 040 | _aIT-RoPAU | ||
| 040 | _cIT-RoPAU | ||
| 041 | _aITALIANO | ||
| 100 |
_aForchetti Maria Pia _gCodice Aut. SPICS: 48185 |
||
| 210 | _aBERENICE | ||
| 222 | _aBerenice | ||
| 245 |
_aBERENICE, ANNO 01-N.03 (NOVEMBRE 1993) _bAventure E Des |
||
| 250 | _a1a ed. | ||
| 260 |
_aROMA _bPAGINE S.R.L. _c1993 |
||
| 501 |
_bPaulus - SPICS - Società San Paolo EM (non-commercial uses only) _cCopyright2015 |
||
| 300 | _a5 p. [418-422] | ||
| 362 | _aANNO 001, N.03 (NOVEMBRE 1993) | ||
| 500 | _aNote Critiche e Storia Delle Due Riviste "Aventure" (1921) e "Des". | ||
| 650 |
_aESTETICA _vPUBBLICAZIONE PERIODICA |
||
| 942 | _cCR | ||
| 999 |
_c109977 _d109977 |
||